|
|
|
|
| LEADER |
00000cam a2200000 7i4500 |
| 001 |
0000310708 |
| 005 |
20250604124336.0 |
| 006 |
a # ###g ##### 000 0 |
| 007 |
t |
| 008 |
250604s2023 my g 000 may d |
| 020 |
|
|
|a 9786299728399
|
| 040 |
|
|
|a MBPJ
|b eng
|c MBPJ
|e rda
|
| 090 |
0 |
0 |
|a 297.1
|b ALU
|
| 100 |
0 |
|
|a Jalaluddin Al-Suyuti
|c Al-Hafiz Imam ,
|e author
|
| 245 |
1 |
0 |
|a Al- 'Ujalah Al- Hasna fi Syarh Asma' illah Al- Husna : :
|b Menyemai Nama ALLAH Di HATI SYARAH 99 NAMA ILAHI
|c AL-HAFIZ IMAM JALALUDDIN AL-SUYUTI; TERJEMAHAN : WAN MUHAMMAD AIMAN AL-AZHARI
|
| 264 |
|
1 |
|a Semenyih, Selangor :
|b Darul Fitri Resources
|c 2023
|
| 264 |
|
4 |
|c ©2023
|
| 300 |
|
|
|a 378 pages ;
|c 21 cm.
|
| 336 |
|
|
|a text
|2 rdacontent
|
| 337 |
|
|
|a unmediated
|2 rdamedia
|
| 338 |
|
|
|a volume
|2 rdacarrier
|
| 650 |
|
0 |
|a Islam
|x Doctrines
|
| 700 |
0 |
|
|a Muhammad Faris Afif ,
|e editor
|
| 700 |
0 |
|
|a Nik Farih Ihsan Bin Mohamed Pakhrudeen ,
|e editor
|
| 700 |
0 |
|
|a Nur Afiqah Binti Sazali ,
|e editor
|
| 700 |
0 |
|
|a Siti Nuralia Binti Mohd Miswani ,
|e editor
|
| 700 |
0 |
|
|a Wan Muhammad Aiman al-Azhari ,
|e translator
|
| 999 |
|
|
|a 00410324
|b BUKU
|c PINJAMAN
|e PERPUSTAKAAN KOMUNITI CAW KOTA DAMANSARA
|
| 999 |
|
|
|a 00410361
|b BUKU
|c PINJAMAN
|e PERPUSTAKAAN KOMUNITI PETALING JAYA
|